000 01053nam a2200265Ia 4500
003 OSt
005 20220923211246.0
006 a|||||r|||| 00| 0
007 ta
008 220922b |||||||| |||| 00| 0 hin d
020 _a9788178542010 (hbk)
_c1450
024 _a261,172
037 _b243, 01/10/2011, Eastern Book Linkers
_cTextual
040 _aARTS
_cARTS
_bhin
041 _2hin
_ahin
082 _aNA4437,8(Q:45), 152Q1
100 _aउमाशंकर
_9156280
245 0 _aराजस्थान के मन्दिरों का वास्तुशास्त्रीय अध्ययन
246 _aRājasthān ke hindiroan kā vāstushāstrīya adhyayana
260 _aदिल्ली
_b ईस्टर्न बुक लिंकर्स
_c2011
300 _a232पृ.
_ccm.
650 _aल्थ्ल्त् क्ल्ज्ञ
_9156276
942 _hNA4437,8(Q:45), 152Q1
_cTEXL
_2CC
999 _c297810
_d297810